00603nam a2200193Ia 4500008004100000020000700041082001700048100002000065245005400085250000700139260003100146300002700177500001900204600002700223650001500250942000700265952012200272999001500394240925s9999 xx 000 0 und d aNA a621.4022 ROG aRogers , G.F.C. 0aEngineering Thermodynamics Work and Heat Transfer aNA aNew York:bLongmanc,1957. axv,665p.bNAfOriginal aIncludes Index aElectronic Engineering aTechnology cBK 011040708ELaUITUbUITUd1997-09-19eUIT Fruit Canadal0o621.4022 ROGpQ1298r2024-09-25 07:12:23w2024-09-25yBK c3797d3797